000 00201nam a22000977a 4500
003 SGT
245 _aJOURNAL OF PATHOLOGY
260 _bLONDON WILEY INTER SCIENCE
_c2007
300 _a470
942 _2ddc
_cBV
999 _c19216
_d19216